|
|
|
|
| LEADER |
00000nab#a22000007a#4500 |
| 001 |
arbauad029723 |
| 003 |
AR-BaUAD |
| 005 |
20250711112412.0 |
| 008 |
980203|||||||||###||||||b###|0###a|spa|| |
| 040 |
|
|
|a AR-BaUAD
|c AR-BaUAD
|b spa
|
| 100 |
|
|
|a Morteo, Enrico
|
| 245 |
|
|
|a Grossi, grassi, densi /
|c Enrico Morteo;
|
| 300 |
0 |
|
|b fot., il., plantas, vistas, axonom.
|
| 653 |
|
|
|a ITALIA
|
| 653 |
|
|
|a PROYECTOS
|
| 653 |
|
|
|a MUEBLES
|
| 653 |
|
|
|a HILTON, MATTHEW
|
| 653 |
|
|
|a MESAS
|
| 653 |
|
|
|a BALERI, ENRICO
|
| 653 |
|
|
|a SANTACHIARA, DENIS
|
| 653 |
|
|
|a TABURETES
|
| 653 |
|
|
|a MOROZZI, MASSIMO
|
| 653 |
|
|
|a SILLONES
|
| 653 |
|
|
|a HINKOLA, VESA
|
| 653 |
|
|
|a NEVALAINEN, MARKUS
|
| 653 |
|
|
|a VASKIVUORI, RANE
|
| 653 |
|
|
|a ARTEFACTOS
|
| 653 |
|
|
|a ILUMINACION
|
| 653 |
|
|
|a LAMPARAS
|
| 653 |
|
|
|a DISEÑO INDUSTRIAL
|
| 773 |
0 |
|
|t INTERNI
|g no. 475 [nov. 1997], p. 124-131
|
| 942 |
|
|
|c ARTI
|
| 952 |
|
|
|0 0
|1 0
|4 0
|7 0
|9 74642
|a AR-BAuAD
|b AR-BAuAD
|d 2025-07-11
|l 0
|p AAQA029723
|r 2025-07-11 11:24:12
|w 2025-07-11
|y ARTI
|
| 990 |
|
|
|a DI199
|b TD
|
| 998 |
|
|
|a AAQ
|b BIBUN76
|
| 999 |
|
|
|c 54315
|d 54315
|